| Tag |
First Indicator |
Second Indicator |
Subfields |
| LEADER |
00000cam a2200000 4500 |
| 001 |
in00000309749 |
| 005 |
20151010093924.0 |
| 008 |
770714s1843 enk 00000 eng d |
| 010 |
|
|
|a a 12000290
|
| 035 |
|
|
|a (OCoLC)03114088
|
| 035 |
|
|
|9 ABG8651AM
|
| 040 |
|
|
|a DLC
|c MGC
|d MGC
|d TXA
|d UtOrBLW
|
| 049 |
|
|
|a TXAM
|c [177678]
|
| 050 |
|
0 |
|a DA400
|b .C6
|
| 100 |
1 |
|
|a Clarendon, Edward Hyde,
|c Earl of,
|d 1609-1674.
|
| 245 |
1 |
4 |
|a The history of the rebellion and civil wars in England /
|c by Edward Earl of Clarendon: also his life written by himself, in which is included a continuation of his History of the grand rebellion.
|
| 250 |
|
|
|a A new ed.,
|b from the original manuscript, with copious indexes.
|
| 264 |
|
1 |
|a Oxford :
|b The University press,
|c 1843.
|
| 300 |
|
|
|a 2 pages ., 1364 pages ;
|c 26 cm.
|
| 336 |
|
|
|a text
|b txt
|2 rdacontent
|
| 337 |
|
|
|a unmediated
|b n
|2 rdamedia
|
| 338 |
|
|
|a volume
|b nc
|2 rdacarrier
|
| 500 |
|
|
|a The "Life" has a special title page dated 1842.
|
| 651 |
|
0 |
|a Great Britain
|x History
|y Puritan Revolution, 1642-1660.
|
| 700 |
1 |
|
|a Macray, William Dunn,
|d 1826-1916.
|
| 999 |
|
|
|a MARS
|
| 999 |
f |
f |
|s 08c26d3e-13fb-35bf-b6e8-c4a3021983ea
|i ecd427e5-97d1-35f4-97b7-e7d166ff4317
|t 0
|
| 952 |
f |
f |
|p normal
|a Texas A&M University
|b College Station
|c Sterling C. Evans Library
|d Evans: Library Stacks
|t 0
|e DA400 .C6
|h Library of Congress classification
|i unmediated -- volume
|m A14813847395
|
| 998 |
f |
f |
|a DA400 .C6
|t 0
|l Evans: Library Stacks
|